000 00877nam a2200253 a 4500
005 20170927170650.0
008 080604s2009 ck a jr 00010dspa d
020 _a9589798160
040 _aCO-BoBLA
_cCO-BoBLA
_dCo-BoIAvH
041 _aspa
044 _ack
082 0 4 _aI595.796
090 _aI-CUE-
_b08
100 1 _aUribe Hurtado, Cristina,
_d1956-
245 1 0 _aQué mundo de hormigas /
_ctexto y fotografías Cristina Uribe.
250 _aSegunda edición
260 3 _aBogotá :
_bCristina Uribe Ediciones,
_c2009.
300 _a33 páginas :
_bfotografías a color ;
_c23 centímetros.
490 _aLibros Educativos - Aprendiendo sobre el mundo en que vivimos
500 _aGlosario : páginas 32-33.
650 _aHormigas
_x Hábitos y conducta
_v Literatura juvenil.
650 _aHormigas
_v Fotografías.
942 _2z
_cLIBRO
999 _c19899
_d19899